000 02000nam0a2200385 4500
001 RU\NLR\bibl\502014
005 20260406051401.0
010 _a5-98201-002-2
_9500
021 _aRU
_b2003-70154
_93470
035 _a(NLR Aleph) 000494601
090 _a1135199
_c1135199
100 _a20040318d2003 |||y0rusy50 ca
101 0 _arus
_deng
102 _aRU
105 _aa |||||||||
200 1 _aНаркотизация в молодежной среде: структура, тенденции, профилактика
_dNarcotization in the youth environment: structure, tendencies, preventive measures
_eСоциол. анализ
_fФ.Э. Шереги, А.Л. Арефьев
_gМ-во образования Рос. Федерации
_zeng
210 _aМ.
_cЦентр социал. прогнозирования
_d2003
215 _a597,[2] с.
_cил.
_d22
300 _aАвт. также на англ. яз.: F.E. Sheregi, A.L. Arefiev
300 _aРез. на англ. яз.
320 _aБиблиогр.: с. 302-310 (125 назв.) и в подстроч. примеч.
510 0 _6z55790
_aNarcotization in the youth environment: structure, tendencies, preventive measures
_zeng
606 0 _aНаркомания молодежи
_xСоциологические исследования
_92213686
_3RU\NLR\auth\661329695
686 _aС550.325.1
686 _aС550.8
700 1 _4070
_8rus
_7ca
_aШереги
_bФ. Э.
_f1944-
_gФранц Эдмундович
_3RU\NLR\auth\7718502
_91579
701 1 _4070
_8rus
_7ca
_aАрефьев
_bА. Л.
_f1951-
_gАлександр Леонардович
_3RU\NLR\AUTH\776673
_9116622
790 1 _4070
_8rus
_7ca
_aŠeregi
_bF.É
_f1944-
_gFranc Édmundovič
_3RU\NLR\auth\7718506
_91583
790 1 _4070
_8rus
_7ba
_aAref'ev
_bA. L.
_f1951-
_gAleksandr Leonardovič
_3RU\NLR\AUTH\7718522
_91599
801 0 _aRU
_bNLR
_c20040318
_gPSBO
801 1 _aRU
_bNLR
_c20040318
942 _cBOOK
980 _aNB